[Event "TUR Cup"]
[Site "Denizli"]
[Date "2023.07.19"]
[Round "6"]
[White "Hamurcu, Mehmet"]
[Black "Guner, Bulent"]
[Result "1/2-1/2"]
[WhiteElo "1720"]
[BlackElo "1950"]
[PlyCount "129"]
[EventDate "2023.07.16"]
[EventType "team-tourn"]
[EventRounds "9"]
[EventCountry "TUR"]
[SourceTitle "CBM 215 Extra"]
[Source "ChessBase"]
[SourceDate "2023.09.30"]
[SourceVersion "1"]
[SourceVersionDate "2023.09.30"]
[SourceQuality "1"]

1. e4 e5 2. Nf3 Nc6 3. d4 exd4 4. Nxd4 Nf6 5. Nc3 Bb4 6. Nxc6 bxc6 7. Bd3 0-0 8. Bg5 h6 9. Bh4 Be7 10. 0-0 Rb8 11. Rb1 d6 12. h3 Re8 13. f4 Nd7 14. Bxe7 Qxe7 15. Ne2 Nc5 16. Ng3 Nxd3 17. cxd3 c5 18. b3 f6 19. f5 Qf7 20. Qg4 Rb4 21. Nh5 Kh8 22. Rf3 Rg8 23. Rg3 Bd7 24. Qf3 Rd4 25. Nf4 Kh7 26. Qe3 a5 27. Rg6 Qe7 28. Nh5 Qf8 29. Nf4 c6 30. a3 Qe7 31. Re1 Be8 32. Rg4 Bf7 33. Ne2 Qe5 34. Nxd4 cxd4 35. Qg3 Qxg3 36. Rxg3 Bxb3 37. Rf3 a4 38. Rc1 c5 39. Kf2 Re8 40. Rf4 Kg8 41. g4 Kf7 42. Kg3 Rh8 43. Rf2 Ke7 44. Rb2 Rb8 45. Kf4 Kf7 46. h4 Rh8 47. Rcb1 Rb8 48. g5 hxg5+ 49. hxg5 fxg5+ 50. Kxg5 Rb5 51. Kf4 Rb8 52. Rg1 Rh8 53. Rg6 Rh4+ 54. Rg4 Rh3 55. Rbg2 Rxd3 56. Rxg7+ Kf8 57. f6 Rd1 58. Rh2 Rf1+ 59. Kg5 Rg1+ 60. Kh6 Rf1 61. Kg6 Rg1+ 62. Kh7 Rf1 63. Kg6 Rg1+ 64. Kh7 Rf1 65. Kg6 1/2-1/2

[Event "TUR Cup"]
[Site "Denizli"]
[Date "2023.07.18"]
[Round "4"]
[White "Gursu, Ahmet Burak"]
[Black "Guner, Bulent"]
[Result "1/2-1/2"]
[WhiteElo "1653"]
[BlackElo "1950"]
[PlyCount "120"]
[EventDate "2023.07.16"]
[EventType "team-tourn"]
[EventRounds "9"]
[EventCountry "TUR"]
[SourceTitle "CBM 215 Extra"]
[Source "ChessBase"]
[SourceDate "2023.09.30"]
[SourceVersion "1"]
[SourceVersionDate "2023.09.30"]
[SourceQuality "1"]

1. e4 e5 2. Nf3 Nc6 3. Bc4 Bc5 4. b4 Bb6 5. a4 a6 6. Nc3 d6 7. Nd5 Ba7 8. c3 Nf6 9. d3 Nxd5 10. Bxd5 0-0 11. Bg5 Qe8 12. Qd2 Be6 13. h4 Bxd5 14. exd5 e4 15. dxe4 Qxe4+ 16. Kf1 Qc4+ 17. Kg1 Ne5 18. Nxe5 dxe5 19. h5 f6 20. Rh4 Qb3 21. Be3 Bxe3 22. fxe3 Rad8 23. c4 f5 24. b5 Rd7 25. Qc1 h6 26. Rh3 Qd3 27. Qf1 Qe4 28. Re1 a5 29. Qe2 Rdf7 30. g3 f4 31. Rh4 Rf5 32. exf4 Qxe2 33. Rxe2 exf4 34. gxf4 Rxf4 35. Rxf4 Rxf4 36. c5 Rg4+ 37. Kf2 Kf8 38. d6 cxd6 39. cxd6 Rd4 40. Re7 b6 41. Rd7 Ke8 42. Rxg7 Rxd6 43. Rb7 Rd4 44. Rxb6 Rxa4 45. Rxh6 Rb4 46. b6 Kd7 47. b7 Kc7 48. Rh7+ Kb8 49. Kg3 Rb1 50. Re7 Rh1 51. Kg4 Rg1+ 52. Kf5 Rh1 53. Kg6 Rg1+ 54. Kh7 a4 55. Re3 Kxb7 56. Ra3 Rg4 57. h6 Kb6 58. Kh8 Kb5 59. Rf3 Kb4 60. Rf7 a3 1/2-1/2

[Event "TUR Cup"]
[Site "Denizli"]
[Date "2023.07.17"]
[Round "2"]
[White "Guner, Bulent"]
[Black "Demircin, Kasim"]
[Result "1-0"]
[WhiteElo "1950"]
[BlackElo "1869"]
[PlyCount "69"]
[EventDate "2023.07.16"]
[EventType "team-tourn"]
[EventRounds "9"]
[EventCountry "TUR"]
[SourceTitle "CBM 215 Extra"]
[Source "ChessBase"]
[SourceDate "2023.09.30"]
[SourceVersion "1"]
[SourceVersionDate "2023.09.30"]
[SourceQuality "1"]

1. d4 Nf6 2. Nf3 b6 3. g3 Bb7 4. Bg2 e6 5. c4 Be7 6. 0-0 0-0 7. Nc3 c5 8. d5 exd5 9. cxd5 d6 10. a4 Re8 11. Nd2 Na6 12. Nc4 Nb4 13. e4 Bf8 14. Re1 Ba6 15. b3 Bxc4 16. bxc4 Nd7 17. Bb2 Ne5 18. Bf1 h5 19. f4 Ng4 20. h3 Nh6 21. Na2 Nxa2 22. Rxa2 g6 23. Ra3 Bg7 24. Bxg7 Kxg7 25. Rae3 h4 26. g4 g5 27. Qa1+ Kg8 28. fxg5 Qxg5 29. e5 f5 30. Bg2 fxg4 31. Kh2 Qf4+ 32. Kg1 gxh3 33. Bxh3 dxe5 34. Kh1 e4 35. Rg1+ 1-0

[Event "TUR-ch Seniors 50"]
[Site "Ankara"]
[Date "2023.05.25"]
[Round "7"]
[White "Isler, Yalcin"]
[Black "Guner, Bulent"]
[Result "1-0"]
[WhiteElo "1248"]
[BlackElo "1974"]
[PlyCount "91"]
[EventDate "2023.05.19"]
[EventType "swiss"]
[EventRounds "9"]
[EventCountry "TUR"]
[SourceTitle "CBM 214 Extra"]
[Source "ChessBase"]
[SourceDate "2023.07.31"]
[SourceVersion "1"]
[SourceVersionDate "2023.07.31"]
[SourceQuality "1"]

1. Nf3 d5 2. g3 Nf6 3. Bg2 g6 4. d3 Bg7 5. Nbd2 0-0 6. 0-0 c5 7. e4 Nc6 8. Re1 e5 9. exd5 Nxd5 10. Nc4 f6 11. a4 b6 12. Nfd2 Be6 13. Ne4 Qd7 14. Bd2 Rad8 15. a5 Qc7 16. axb6 axb6 17. c3 Bf7 18. Na3 h6 19. Nb5 Qb8 20. g4 Kh7 21. h4 Nf4 22. Bxf4 exf4 23. Nxf6+ Bxf6 24. Bxc6 Qc8 25. Na7 Qb8 26. h5 gxh5 27. Be4+ Kh8 28. Nc6 Qd6 29. Nxd8 Bxd8 30. gxh5 Rg8+ 31. Kf1 Be6 32. Ra7 Bc7 33. Ke2 Bg4+ 34. f3 Bxh5 35. Rg1 Re8 36. Ra8 Bb8 37. Rh1 Bf7 38. Kd2 Bd5 39. Bxd5 Qxd5 40. Rxh6+ Kg7 41. Rxb6 Qxa8 42. Qg1+ Kf8 43. Qxc5+ Kf7 44. Qf5+ Ke7 45. Re6+ Kd8 46. Qf6+ 1-0

[Event "TUR-chT 2nd League"]
[Site "Konya"]
[Date "2022.08.23"]
[Round "2.14"]
[White "Guner, Bulent"]
[Black "Yilmaz, Enes Mustafa"]
[Result "1-0"]
[WhiteElo "2018"]
[BlackElo "1562"]
[PlyCount "111"]
[EventDate "2022.08.22"]
[EventType "team-swiss"]
[EventRounds "9"]
[EventCountry "TUR"]
[SourceTitle "CBM 210 Extra"]
[Source "ChessBase"]
[SourceDate "2022.11.30"]
[SourceVersion "1"]
[SourceVersionDate "2022.11.30"]
[SourceQuality "1"]
[WhiteTeam "Konya Erkin"]
[BlackTeam "Altin Hamle Corum"]
[WhiteTeamCountry "TUR"]
[BlackTeamCountry "TUR"]

1. d4 d5 2. c4 e6 3. Nf3 Nf6 4. g3 b6 5. Bg2 Bb7 6. Ne5 Bb4+ 7. Nc3 0-0 8. 0-0 Nbd7 9. Bg5 Be7 10. Qa4 Nxe5 11. dxe5 Ne4 12. Bxe7 Qxe7 13. Nxe4 dxe4 14. Qc2 Rad8 15. Rad1 Qb4 16. a3 Qc5 17. Bxe4 Ba6 18. b3 Qxe5 19. Bxh7+ Kh8 20. Be4 g6 21. Bf3 Kg7 22. Rd3 Rd6 23. Rfd1 Rfd8 24. Kg2 Qc5 25. Qc3+ Kg8 26. h4 e5 27. Rd5 Rxd5 28. Rxd5 Rxd5 29. Bxd5 Qd6 30. Qf3 Qe7 31. h5 Kg7 32. hxg6 fxg6 33. Qg4 Qe8 34. Qe6 Qxe6 35. Bxe6 Kf6 36. Bd5 c5 37. Kf3 Bc8 38. Be4 a5 39. Ke3 g5 40. f4 exf4+ 41. gxf4 g4 42. Kf2 Be6 43. a4 Bd7 44. Kg3 Bc8 45. Bd3 Bd7 46. e4 Bc6 47. e5+ Ke6 48. Kxg4 Bb7 49. Kg5 Bf3 50. Bf5+ Ke7 51. Bc2 Ke6 52. Kg6 Bg4 53. Be4 Bd1 54. Bd5+ Ke7 55. f5 Bxb3 56. Kg7 1-0

[Event "TUR-chT Clubs"]
[Site "Konya"]
[Date "2019.07.21"]
[Round "9.3"]
[White "Guven, Oguz Kagan"]
[Black "Guner, Bulent"]
[Result "1-0"]
[WhiteElo "2142"]
[BlackElo "1979"]
[PlyCount "81"]
[EventDate "2019.07.16"]
[EventType "team-swiss"]
[EventRounds "9"]
[EventCountry "TUR"]
[SourceTitle "CBM 191 Extra"]
[Source "ChessBase"]
[SourceDate "2019.09.30"]
[SourceVersion "1"]
[SourceVersionDate "2019.09.30"]
[SourceQuality "1"]
[WhiteTeam "Krater Genclik"]
[BlackTeam "Deniz Genclik"]
[WhiteTeamCountry "TUR"]
[BlackTeamCountry "TUR"]

1. e4 e5 2. Nf3 Nc6 3. Bb5 a6 4. Ba4 Nf6 5. 0-0 Be7 6. Re1 b5 7. Bb3 0-0 8. h3 Bb7 9. Nc3 Na5 10. d3 Nxb3 11. axb3 d6 12. Bg5 h6 13. Bd2 Re8 14. Ne2 Bf8 15. Ng3 d5 16. Bc3 d4 17. Bd2 c5 18. Nh2 Bd6 19. Nf5 Re6 20. Rf1 Rc8 21. f4 c4 22. Rc1 Bc5 23. fxe5 Rxe5 24. Qf3 Rxf5 25. Qxf5 c3 26. Bxh6 gxh6 27. bxc3 dxc3+ 28. Kh1 Be7 29. Ng4 Nxg4 30. Qxg4+ Bg5 31. h4 Rc5 32. hxg5 Rxg5 33. Qf4 f5 34. Rf3 Qe7 35. Rg3 fxe4 36. Re1 Rxg3 37. Qxg3+ Kh7 38. Qf4 b4 39. dxe4 Qg7 40. Rd1 Bc6 41. Qf5+ 1-0

[Event "TUR-chT Clubs"]
[Site "Konya"]
[Date "2019.07.20"]
[Round "7.2"]
[White "Kul, Ozdemir Efe"]
[Black "Guner, Bulent"]
[Result "1/2-1/2"]
[WhiteElo "1974"]
[BlackElo "1979"]
[PlyCount "96"]
[EventDate "2019.07.16"]
[EventType "team-swiss"]
[EventRounds "9"]
[EventCountry "TUR"]
[SourceTitle "CBM 191 Extra"]
[Source "ChessBase"]
[SourceDate "2019.09.30"]
[SourceVersion "1"]
[SourceVersionDate "2019.09.30"]
[SourceQuality "1"]
[WhiteTeam "Bitlis Dernegi"]
[BlackTeam "Deniz Genclik"]
[WhiteTeamCountry "TUR"]
[BlackTeamCountry "TUR"]

1. Nf3 Nf6 2. g3 g6 3. Bg2 Bg7 4. 0-0 c5 5. d3 Nc6 6. Nc3 d6 7. h3 0-0 8. e4 e5 9. Ne1 Nh5 10. Nd5 Ne7 11. Nxe7+ Qxe7 12. Be3 Bd7 13. c3 Rac8 14. Kh2 h6 15. Nc2 Kh7 16. a4 b6 17. b4 Be6 18. c4 Qe8 19. Bf3 Nf6 20. bxc5 bxc5 21. Na3 a6 22. Qd2 Rb8 23. Qa5 Qc6 24. Rfb1 Bd7 25. Bd1 Ng8 26. Rxb8 Rxb8 27. Rb1 Rxb1 28. Nxb1 Nf6 29. Nc3 Qc8 30. g4 g5 31. Qb6 Bf8 32. f3 Be7 33. Kg2 Kg7 34. Bd2 Qc6 35. Qb2 Bd8 36. Ne2 Ng8 37. f4 f6 38. fxg5 fxg5 39. Ng3 Ne7 40. Nh5+ Kg8 41. Qb8 Nc8 42. a5 Kf7 43. Bc3 Qc7 44. Qb2 Bf6 45. Qf2 Qd8 46. Bd2 Qh8 47. h4 Ke7 48. Nxf6 Qxf6 1/2-1/2

[Event "TUR-chT Clubs"]
[Site "Konya"]
[Date "2019.07.18"]
[Round "5.5"]
[White "Guner, Bulent"]
[Black "Sahinoglu, Hakan"]
[Result "1/2-1/2"]
[WhiteElo "1979"]
[BlackElo "1844"]
[PlyCount "81"]
[EventDate "2019.07.16"]
[EventType "team-swiss"]
[EventRounds "9"]
[EventCountry "TUR"]
[SourceTitle "CBM 191 Extra"]
[Source "ChessBase"]
[SourceDate "2019.09.30"]
[SourceVersion "1"]
[SourceVersionDate "2019.09.30"]
[SourceQuality "1"]
[WhiteTeam "Deniz Genclik"]
[BlackTeam "Yalova Beyaz Fil"]
[WhiteTeamCountry "TUR"]
[BlackTeamCountry "TUR"]

1. d4 Nf6 2. Nf3 e6 3. c4 d5 4. Nc3 Nbd7 5. Bg5 Be7 6. e3 0-0 7. Rc1 c6 8. Bd3 h6 9. Bh4 dxc4 10. Bxc4 b5 11. Bd3 Bb7 12. 0-0 a6 13. Bxf6 Nxf6 14. Ne4 Rc8 15. Qe2 Qb6 16. Nc5 Bxc5 17. dxc5 Qc7 18. Rfd1 e5 19. Qc2 Rfe8 20. Be4 Rcd8 21. h3 Bc8 22. Rd6 Nxe4 23. Qxe4 Rxd6 24. cxd6 Qxd6 25. Qxc6 Qxc6 26. Rxc6 Bb7 27. Rb6 Bxf3 28. gxf3 Re6 29. Rb8+ Kh7 30. Ra8 Kg6 31. b4 f5 32. a3 Kg5 33. Ra7 g6 34. Kg2 Rc6 35. Ra8 f4 36. e4 Kf6 37. Ra7 Ke6 38. Rg7 Kf6 39. Ra7 Rd6 40. Kf1 h5 41. Kg2 1/2-1/2

[Event "TUR-chT Clubs"]
[Site "Konya"]
[Date "2019.07.17"]
[Round "3.6"]
[White "Guner, Bulent"]
[Black "Eroz, Enis"]
[Result "1-0"]
[WhiteElo "1979"]
[BlackElo "1618"]
[PlyCount "62"]
[EventDate "2019.07.16"]
[EventType "team-swiss"]
[EventRounds "9"]
[EventCountry "TUR"]
[SourceTitle "CBM 191 Extra"]
[Source "ChessBase"]
[SourceDate "2019.09.30"]
[SourceVersion "1"]
[SourceVersionDate "2019.09.30"]
[SourceQuality "1"]
[WhiteTeam "Deniz Genclik"]
[BlackTeam "Cotanak"]
[WhiteTeamCountry "TUR"]
[BlackTeamCountry "TUR"]

1. d4 Nf6 2. Nf3 e6 3. c4 b6 4. a3 Bb7 5. Nc3 d5 6. cxd5 exd5 7. g3 a6 8. Bf4 Bd6 9. Bxd6 Qxd6 10. Bg2 Nbd7 11. 0-0 0-0 12. Qc2 Rfe8 13. Rfd1 h6 14. Rac1 Rac8 15. e3 Red8 16. Nh4 Qe6 17. Ne2 g5 18. Nf5 h5 19. h3 Ne4 20. g4 Ndf6 21. Bf3 c5 22. dxc5 bxc5 23. Qd3 Qe5 24. b3 Kh8 25. Neg3 h4 26. Nxe4 dxe4 27. Qxd8+ Rxd8 28. Rxd8+ Kh7 29. Bg2 Kg6 30. Rcd1 Qe6 31. R1d6 Qxb3 1-0

[Event "TUR-chT Clubs"]
[Site "Konya"]
[Date "2019.07.16"]
[Round "1.7"]
[White "Guner, Bulent"]
[Black "Bingologlu, Furkan"]
[Result "1/2-1/2"]
[WhiteElo "1979"]
[BlackElo "1665"]
[PlyCount "91"]
[EventDate "2019.07.16"]
[EventType "team-swiss"]
[EventRounds "9"]
[EventCountry "TUR"]
[SourceTitle "CBM 191 Extra"]
[Source "ChessBase"]
[SourceDate "2019.09.30"]
[SourceVersion "1"]
[SourceVersionDate "2019.09.30"]
[SourceQuality "1"]
[WhiteTeam "Deniz Genclik"]
[BlackTeam "Tokat Ozgem Grup"]
[WhiteTeamCountry "TUR"]
[BlackTeamCountry "TUR"]

1. d4 Nf6 2. Nf3 e6 3. g3 b6 4. Bg2 Bb7 5. 0-0 c5 6. c4 cxd4 7. Qxd4 Bc5 8. Qf4 0-0 9. Nc3 d5 10. Rd1 Qe7 11. cxd5 Nxd5 12. Nxd5 exd5 13. e3 Na6 14. a3 Bd6 15. Qh4 Nc5 16. Qxe7 Bxe7 17. Nd4 Bf6 18. Rb1 Rfd8 19. b3 Ne4 20. Bb2 Rac8 21. Bh3 Rc5 22. Rbc1 Bc8 23. Bg2 Bb7 24. f3 Nd6 25. Bh3 Bc8 26. Bf1 Bd7 27. Ba6 Re8 28. Kf2 g6 29. Bc3 Nf5 30. Nxf5 Rxc3 31. Rxc3 Bxc3 32. Nd6 Rd8 33. Nb5 Bxb5 34. Bxb5 d4 35. e4 Bb2 36. a4 Rc8 37. Bc4 Ba3 38. Ke2 Bc5 39. Kd3 a5 40. e5 Kg7 41. f4 h5 42. Ke4 Rd8 43. Rd3 f6 44. e6 Kf8 45. h4 Ke7 46. Rf3 1/2-1/2

[Event "TUR-chT2"]
[Site "Konya"]
[Date "2018.07.14"]
[Round "8.4"]
[White "Guner, Bulent"]
[Black "Atas, Yunus"]
[Result "0-1"]
[WhiteElo "2026"]
[BlackElo "1792"]
[PlyCount "116"]
[EventDate "2018.07.10"]
[EventType "team-swiss"]
[EventRounds "9"]
[EventCountry "TUR"]
[SourceTitle "EXT 2019"]
[Source "ChessBase"]
[SourceDate "2018.10.10"]
[SourceVersion "1"]
[SourceVersionDate "2018.10.10"]
[SourceQuality "1"]
[WhiteTeam "Antalya Buyuk Ustalar"]
[BlackTeam "Bitlis Dernegi"]
[WhiteTeamCountry "TUR"]
[BlackTeamCountry "TUR"]

1. d4 d5 2. c4 c6 3. Nf3 Nf6 4. Nc3 e6 5. e3 Bd6 6. Bd3 Nbd7 7. 0-0 0-0 8. e4 dxe4 9. Nxe4 Nxe4 10. Bxe4 Nf6 11. Bc2 b6 12. Bg5 Bb7 13. Qd3 g6 14. Rad1 Be7 15. Rfe1 Qc7 16. Ne5 Rad8 17. Qh3 Nh5 18. Bh6 Ng7 19. Bf4 Bd6 20. Ng4 f5 21. Nh6+ Kh8 22. Bg5 Rde8 23. Qh4 Be7 24. Ba4 Bxg5 25. Qxg5 Qe7 26. h4 Qb4 27. Bb3 a5 28. Re3 Ba6 29. a3 Qd6 30. c5 Qc7 31. Rde1 Bc8 32. Bd1 b5 33. h5 Qd8 34. Qxd8 Rxd8 35. hxg6 hxg6 36. Rh3 Nh5 37. g4 fxg4 38. Nxg4 Kg7 39. Ne5 Nf4 40. Rg3 Rxd4 41. Bc2 Rf6 42. Be4 Rd2 43. Ng4 Rf8 44. Ne5 Re2 45. Re3 Nh3+ 46. Kh2 Rxe1 47. Rxe1 Ng5 48. Bxc6 Rxf2+ 49. Kg3 Rxb2 50. Kg4 Nf7 51. Nxf7 Kxf7 52. Be4 b4 53. axb4 Rxb4 54. Kf3 e5 55. c6 Kf6 56. Rh1 Bf5 57. Bd5 Rd4 58. Ba2 Be4+ 0-1

[Event "TUR-chT2"]
[Site "Konya"]
[Date "2018.07.12"]
[Round "4.2"]
[White "Guner, Bulent"]
[Black "Temizkan, Denizcan"]
[Result "0-1"]
[WhiteElo "2026"]
[BlackElo "2207"]
[PlyCount "102"]
[EventDate "2018.07.10"]
[EventType "team-swiss"]
[EventRounds "9"]
[EventCountry "TUR"]
[SourceTitle "EXT 2019"]
[Source "ChessBase"]
[SourceDate "2018.10.10"]
[SourceVersion "1"]
[SourceVersionDate "2018.10.10"]
[SourceQuality "1"]
[WhiteTeam "Antalya Buyuk Ustalar"]
[BlackTeam "Beyazkale Dernegi"]
[WhiteTeamCountry "TUR"]
[BlackTeamCountry "TUR"]

1. d4 d5 2. c4 c6 3. Nf3 Nf6 4. Nc3 e6 5. e3 Nbd7 6. Qc2 Bd6 7. Be2 0-0 8. 0-0 Re8 9. h3 dxc4 10. Bxc4 b5 11. Bd3 Bb7 12. Ng5 h6 13. Nge4 Bf8 14. Rd1 Rc8 15. Nxf6+ Qxf6 16. Be4 b4 17. Na4 Ba6 18. Nc5 Nxc5 19. dxc5 Qe5 20. Bh7+ Kh8 21. Rd7 Re7 22. Rd4 Rb7 23. Bd3 Bxd3 24. Rxd3 Qxc5 25. Qxc5 Bxc5 26. b3 Be7 27. Bb2 f6 28. Rc1 Kg8 29. Kf1 Kf7 30. Ke2 e5 31. e4 Ke6 32. Rc2 Rb5 33. Bc1 Rc5 34. Rxc5 Bxc5 35. Be3 Bxe3 36. Kxe3 Rb8 37. Rd2 Rb5 38. Rd8 Ra5 39. Rd2 Rc5 40. f3 Rc3+ 41. Rd3 Rc2 42. Rd2 Rxd2 43. Kxd2 Kd6 44. Kd3 Kc5 45. g3 g5 46. Ke3 Kb5 47. f4 gxf4+ 48. gxf4 c5 49. fxe5 fxe5 50. Kd3 c4+ 51. bxc4+ Kc5 0-1

[Event "TUR-chT2"]
[Site "Konya"]
[Date "2017.07.10"]
[Round "3.1"]
[White "Celebi, Orhan"]
[Black "Guner, Bulent"]
[Result "1-0"]
[WhiteElo "1900"]
[BlackElo "2078"]
[PlyCount "117"]
[EventDate "2017.07.09"]
[EventType "team-swiss"]
[EventRounds "9"]
[EventCountry "TUR"]
[SourceTitle "CBM 179 Extra"]
[Source "ChessBase"]
[SourceDate "2017.08.23"]
[SourceVersion "1"]
[SourceVersionDate "2017.08.23"]
[SourceQuality "1"]
[WhiteTeam "Genclik Siirt"]
[BlackTeam "Buyuk Ustalar"]
[WhiteTeamCountry "TUR"]
[BlackTeamCountry "TUR"]

1. e4 e5 2. Nf3 Nc6 3. Bc4 Nf6 4. Ng5 d5 5. exd5 Na5 6. Bb5+ c6 7. dxc6 bxc6 8. Be2 h6 9. Nf3 e4 10. Ne5 Bd6 11. d4 exd3 12. Nxd3 Qc7 13. h3 0-0 14. Nd2 c5 15. 0-0 c4 16. Ne1 Rd8 17. c3 Bf5 18. Nef3 Bc5 19. Qa4 Bd7 20. Qc2 Bxh3 21. gxh3 Qg3+ 22. Kh1 Bxf2 23. Nh2 Bb6 24. Ne4 Nxe4 25. Qxe4 Qxh3 26. Qg4 Qxg4 27. Bxg4 Nc6 28. Bf4 Ne7 29. Rad1 Ng6 30. Bg3 Rxd1 31. Rxd1 Re8 32. Kg2 Re3 33. Nf1 Re7 34. Re1 Nf4+ 35. Kf3 Rxe1 36. Bxe1 Nd3 37. Bd2 Nxb2 38. Ne3 Ba5 39. Bd7 Kf8 40. Bb5 g6 41. Bxc4 Kg7 42. Bb5 f5 43. Nd5 g5 44. Ke2 Kg6 45. c4 Bxd2 46. Kxd2 Nxc4+ 47. Bxc4 f4 48. Ke2 Kf5 49. Ne7+ Kg4 50. Kf2 Kh3 51. Bf1+ Kg4 52. Be2+ Kh3 53. Ng6 a5 54. a4 Kh2 55. Bg4 Kh1 56. Ne5 h5 57. Bxh5 Kh2 58. Bg4 Kh1 59. Nf7 1-0

[Event "Wch Seniors 50 26th"]
[Site "Marianske Lazne"]
[Date "2016.11.30"]
[Round "11"]
[White "Borovicka, Bohumil"]
[Black "Guner, Bulent"]
[Result "0-1"]
[WhiteElo "1991"]
[BlackElo "2130"]
[PlyCount "104"]
[EventDate "2016.11.19"]
[EventType "swiss"]
[EventRounds "11"]
[EventCountry "CZE"]
[SourceTitle "CBM 175 Extra"]
[Source "ChessBase"]
[SourceDate "2016.12.12"]
[SourceVersion "1"]
[SourceVersionDate "2016.12.12"]
[SourceQuality "1"]

1. d4 Nf6 2. Nf3 c5 3. c3 Qc7 4. dxc5 e6 5. b4 a5 6. Bb2 b6 7. cxb6 Qxb6 8. a3 Ba6 9. e3 Bxf1 10. Kxf1 Nc6 11. g3 axb4 12. cxb4 Nxb4 13. axb4 Rxa1 14. Bxa1 Qa6+ 15. Kg2 Qxa1 16. Qb3 Qa8 17. Nc3 Be7 18. b5 0-0 19. Rb1 Rb8 20. Qc4 Rc8 21. Qa4 Qb7 22. Qa6 Qc7 23. Na4 Rb8 24. b6 Qc6 25. Qa7 Bd6 26. b7 Ne4 27. Nd4 Qd5 28. f3 Nd2 29. Rb2 Nc4 30. e4 Qg5 31. Re2 Qc1 32. Qa6 Nd2 33. Rf2 Nc4 34. Re2 Nd2 35. Rf2 Nc4 36. Nc2 Bf8 37. Qxc4 Rxb7 38. Nc3 g6 39. Ne2 Qb2 40. Ne3 h5 41. Nf4 Qa3 42. Nc2 Qc1 43. Nd3 Qg5 44. e5 Rb1 45. h4 Qd8 46. Rf1 Rb8 47. Rf2 Rb1 48. Ne3 Bh6 49. Re2 Qa8 50. Qc2 Qa1 51. Nf2 Bxe3 52. Rxe3 Rg1+ 0-1

[Event "Wch Seniors 50 26th"]
[Site "Marianske Lazne"]
[Date "2016.11.23"]
[Round "5"]
[White "Polanyi, Peter"]
[Black "Guner, Bulent"]
[Result "0-1"]
[WhiteElo "1990"]
[BlackElo "2130"]
[PlyCount "44"]
[EventDate "2016.11.19"]
[EventType "swiss"]
[EventRounds "11"]
[EventCountry "CZE"]
[SourceTitle "CBM 175 Extra"]
[Source "ChessBase"]
[SourceDate "2016.12.12"]
[SourceVersion "1"]
[SourceVersionDate "2016.12.12"]
[SourceQuality "1"]

1. e4 e5 2. Nf3 Nc6 3. Nc3 g6 4. Bb5 Bg7 5. d3 Nge7 6. 0-0 0-0 7. Re1 d6 8. a3 h6 9. Bc4 Kh7 10. Nh4 Nd4 11. h3 f5 12. exf5 Nexf5 13. Nxf5 Bxf5 14. Ne2 d5 15. Ba2 c6 16. c3 Nxe2+ 17. Qxe2 Qh4 18. Bd2 Rf7 19. Rad1 Raf8 20. Rf1 Bxh3 21. gxh3 Rf3 22. Rfe1 Rxh3 0-1

[Event "Wch Seniors 50 26th"]
[Site "Marianske Lazne"]
[Date "2016.11.22"]
[Round "4"]
[White "Guner, Bulent"]
[Black "Bartonicek, Zdenek"]
[Result "1/2-1/2"]
[WhiteElo "2130"]
[BlackElo "1894"]
[PlyCount "35"]
[EventDate "2016.11.19"]
[EventType "swiss"]
[EventRounds "11"]
[EventCountry "CZE"]
[SourceTitle "CBM 175 Extra"]
[Source "ChessBase"]
[SourceDate "2016.12.12"]
[SourceVersion "1"]
[SourceVersionDate "2016.12.12"]
[SourceQuality "1"]

1. d4 Nf6 2. c4 c5 3. d5 e5 4. Nc3 d6 5. e4 Be7 6. h3 Nbd7 7. Be2 0-0 8. Be3 a6 9. a4 Ne8 10. Nf3 g6 11. g4 Ng7 12. Bh6 Nf6 13. Qd2 Bd7 14. Ra3 Kh8 15. Rg1 Ng8 16. Bd3 Nxh6 17. Qxh6 f6 18. Rb3 1/2-1/2

[Event "Wch Seniors 50 26th"]
[Site "Marianske Lazne"]
[Date "2016.11.19"]
[Round "1"]
[White "Petersons, Ojars"]
[Black "Guner, Bulent"]
[Result "1/2-1/2"]
[WhiteElo "1704"]
[BlackElo "2130"]
[PlyCount "87"]
[EventDate "2016.11.19"]
[EventType "swiss"]
[EventRounds "11"]
[EventCountry "CZE"]
[SourceTitle "CBM 175 Extra"]
[Source "ChessBase"]
[SourceDate "2016.12.12"]
[SourceVersion "1"]
[SourceVersionDate "2016.12.12"]
[SourceQuality "1"]

1. e4 e5 2. c4 Bc5 3. Nc3 d6 4. h3 Nc6 5. d3 h6 6. Nf3 Nge7 7. a3 a6 8. Be3 0-0 9. Nd5 Bxe3 10. Nxe3 f5 11. Qc2 Be6 12. Be2 Qd7 13. 0-0-0 b5 14. g4 fxe4 15. dxe4 b4 16. Nf5 bxa3 17. bxa3 Kh7 18. Rhg1 g6 19. Nxe7 Qxe7 20. Rg3 Rab8 21. Kd2 Rxf3 22. Rxf3 Nd4 23. Qc3 Rb3 24. Qxb3 Nxb3+ 25. Rxb3 Qf7 26. Rf3 Qe8 27. Rc1 Qc6 28. Re3 Qb6 29. Ke1 a5 30. Kf1 Qb2 31. Rcc3 a4 32. Kg2 Kg7 33. Bf1 Kf6 34. Rf3+ Ke7 35. Rfe3 Kd7 36. c5 d5 37. exd5 Bxd5+ 38. Kg3 e4 39. Bc4 Bc6 40. Bf1 Qb1 41. Bg2 g5 42. Rc4 Qg1 43. Rd4+ Kc8 44. Rc4 1/2-1/2

[Event "TUR-chT2"]
[Site "Konya"]
[Date "2015.07.28"]
[Round "6.4"]
[White "Guner, Bulent"]
[Black "Gasanov, Eldar"]
[Result "1/2-1/2"]
[WhiteElo "2114"]
[BlackElo "2504"]
[PlyCount "126"]
[EventDate "2015.07.25"]
[EventType "team-swiss"]
[EventRounds "9"]
[EventCountry "TUR"]
[SourceTitle "CBM 167 Extra"]
[Source "ChessBase"]
[SourceDate "2015.09.14"]
[SourceVersion "1"]
[SourceVersionDate "2015.09.14"]
[SourceQuality "1"]
[WhiteTeam "Antalya Deniz Genclik"]
[BlackTeam "Bursa Buyuksehir"]
[WhiteTeamCountry "TUR"]
[BlackTeamCountry "TUR"]

1. d4 e6 2. g3 f5 3. Bg2 Nf6 4. Nf3 d5 5. 0-0 Bd6 6. c4 c6 7. b3 Qe7 8. Ne5 0-0 9. Bb2 b6 10. Qc2 Bb7 11. Nd3 Nbd7 12. Nd2 c5 13. e3 Rac8 14. Rac1 Ne4 15. f3 Nef6 16. Rfe1 Bb8 17. Qb1 Kh8 18. f4 cxd4 19. exd4 Ne4 20. Nxe4 fxe4 21. Ne5 Bd6 22. Qc2 Rc7 23. Qe2 Nf6 24. Rc2 Ba6 25. Rec1 Rfc8 26. Bf1 Nd7 27. Qh5 Nxe5 28. fxe5 Bb4 29. Qe2 Rf8 30. Rb1 Ba3 31. Bxa3 Qxa3 32. Rbc1 Rd7 33. Qg4 dxc4 34. Qxe4 cxb3 35. axb3 Bb7 36. Qe3 Bd5 37. Bc4 h6 38. Bxd5 Rxd5 39. Rd1 Rfd8 40. Rc7 Rxd4 41. Rxd4 Qa1+ 42. Kg2 Qxd4 43. Qxd4 Rxd4 44. Rxa7 Rd5 45. Rb7 Rb5 46. h4 h5 47. b4 Kh7 48. Kf3 Kg6 49. g4 hxg4+ 50. Kxg4 Rxb4+ 51. Kg3 b5 52. Re7 Kf5 53. Rxg7 Rb3+ 54. Kg2 Kxe5 55. h5 Kf6 56. h6 Rc3 57. Rb7 Rc5 58. h7 Rh5 59. Rxb5 Rxh7 60. Kf3 e5 61. Rb8 Ra7 62. Ke4 Ra4+ 63. Ke3 Ra3+ 1/2-1/2